Statočný Celo /

Hlavní autor: Krno, Miloš, 1922-2007
Jazyk: Slovenština
Vydáno: Bratislava : Slovenský spisovateľ, 1985
Vydání: 1. vyd.
Edice: Nová próza (Slovenský spisovateľ)
Fyzický popis: 218 s.
Knihy
Uloženo v:
LEADER 00715nam a2200229 a 4500
001 000435807
003 CZ BrMZK
005 20090313103640.0
007 ta
008 990305s1985 xo f slo d
040 |a BOA001  |b cze 
080 |a 885.4-31  |2 MRF 
100 1 |a Krno, Miloš,  |d 1922-2007  |7 mzk2002109938  |4 aut 
245 1 0 |a Statočný Celo /  |c Miloš Krno ; ilustroval Vladimír Petrík 
250 |a 1. vyd. 
260 |a Bratislava :  |b Slovenský spisovateľ,  |c 1985 
300 |a 218 s. 
490 1 |a Nová próza 
830 0 |a Nová próza (Slovenský spisovateľ) 
910 |a BOA001  |b 2-0889.339 
990 |a BK 
996 7 |b 2619285875  |c 2-0889.339  |l MZK  |r Sklad / do 1 hodiny  |n 0  |w 000435807  |u 000010  |a 1  |e BOA001  |j MZK50  |s A